Expedice Vltava /

Hlavní autor: Herzán, Jiří, 1921-2003
Další autoři: Čermák, Marko, 1940-
Jazyk: Čeština
Vydáno: Třebíč : Arca JiMfa, 1999
Témata:
Externí odkaz: Digitalizovaný dokument
Fyzický popis: 176 s. : il. ; 21 cm
Knihy
Uloženo v:
LEADER 01268nam a2200337 a 4500
001 000409332
003 CZ BrMZK
005 20080303120615.0
007 ta
008 990315s1999 xr d f cze d
015 |a cnb000659317 
020 |a 80-7221-029-7 
035 |a (OCoLC)42030239 
040 |a BOA001  |b cze 
072 7 |a 821-93  |x Literatura pro děti a mládež (beletrie)  |2 Konspekt  |9 26 
072 7 |a 821.162.3-3  |x Česká próza  |2 Konspekt  |9 25 
080 |a 821-93  |2 MRF 
080 |a 821.162.3-31  |2 MRF 
080 |a (0:82-311.3)  |2 MRF 
100 1 |a Herzán, Jiří,  |d 1921-2003  |7 jk01040907  |4 aut 
245 1 0 |a Expedice Vltava /  |c Jiří Herzán ; [ilustrace Marko Čermák]. 
260 |a Třebíč :  |b Arca JiMfa,  |c 1999 
300 |a 176 s. :  |b il. ;  |c 21 cm 
655 7 |a české romány  |7 fd133974  |2 czenas 
655 7 |a dobrodružné romány  |7 fd132061  |2 czenas 
655 7 |a publikace pro mládež  |7 fd133157  |2 czenas 
700 1 |a Čermák, Marko,  |d 1940-  |7 jn20001005428  |4 ill 
856 4 1 |u http://www.digitalniknihovna.cz/mzk/uuid/uuid:634b7ae0-4553-11e3-9c86-005056827e51  |y Digitalizovaný dokument  |x NDK 
910 |a BOA001  |b 2-1057.908 
990 |a BK 
996 6 |b 2610089792  |c 2-1057.908  |l MZK  |r Sklad / do 1 hodiny  |n 2  |p p.v.  |w 000409332  |u 000010  |a 1  |e BOA001  |j MZK50  |s P